| 000 | 00388nam a2200157Ia 4500 | ||
|---|---|---|---|
| 008 | 230312s9999||||xx |||||||||||||| ||und|| | ||
| 020 | _a0-07-y85493-9 | ||
| 082 |
_a621.3 _bMIL-I |
||
| 100 | _aMillman Jacob | ||
| 245 | 0 | _aIntegrated Electronics | |
| 260 |
_bMcGraw Hill _aLonson _c1971 |
||
| 300 | _a911 | ||
| 546 | _aEng. | ||
| 650 |
_aEngineering _vEnergy Band in Solids, |
||
| 942 | _cBK | ||
| 999 |
_c1486 _d1486 |
||